Internationale Strafgerichtsbarkeit unter sowjetischem Einfluss : (Titelsatznr. 29294)
[ MARC ]
| 000 -Satzkennung | |
|---|---|
| Kontrollfeld mit fester Länge | 01444nam a22003491c 4500 |
| 001 - Kontrollnummer | |
| Kontrollfeld | EBC4932876 |
| 003 - Kontrollnummer Identifier | |
| Kontrollfeld | RU-10907106 |
| 005 - Datum und Zeit der letzten Transaktion | |
| Kontrollfeld | 20211006110828.0 |
| 008 - Feld mit fester Länge zur physischen Beschreibung - Allgemeine Angaben | |
| Kontrollfeld mit fester Länge | 191108s2016 gw |||| 000u ger d |
| 020 ## - Internationale Standardbuchnummer | |
| Internationale Standardbuchnummer | 9783428148677 |
| -- | 978-3-428-54867-5 |
| Verknüpfung | 978-3-428-14867-7 |
| 040 ## - Katalogisierungsquelle | |
| Übertragungsstelle | RU-10907106 |
| Original-Katalogisierungsstelle | RU-10907106 |
| Katalogisierungssprache | ger |
| 041 ## - Sprachcode | |
| Sprachcode des Textes/der Tonspur oder des separaten Titels | ger |
| 100 1# - Haupteintragung - Personenname | |
| Personenname | Schulmeister-André, Irina |
| 245 00 - Titel | |
| Titel | Internationale Strafgerichtsbarkeit unter sowjetischem Einfluss : |
| Zusatz zum Titel | der Beitrag der UdSSR zum Nürnberger Hauptkriegsverbrecherprozess / |
| Verfasserangabe etc. | von Irina Schulmeister-André |
| 264 ## - Produktion, Veröffentlichung, Distribution, Herstellung und Urheberrechtsvermerk | |
| Herstellungs-, Veröffentlichungs- Vertriebs-, Erzeugungsort | Berlin, [Germany] : |
| Produzent, Herausgeber, Distributor, Hersteller | Duncker & Humblot, |
| Datum der Herstellung, der Veröffentlichung, des Vertriebs oder des Urheberschutzvermerks | 2016 |
| 300 ## - Physische Beschreibung | |
| Umfang | 1 Online-Ressource (580 pages). |
| 336 ## - Inhaltstyp | |
| Inhaltstypterm | Text |
| Inhaltstypcode | txt |
| Quelle | rdacontent |
| 337 ## - Medientyp | |
| Bezeichnung des Medientyps | Computermedien |
| Medientypcode | c |
| Quelle | rdamedia |
| 338 ## - Datenträgertyp | |
| Datenträgertypbezeichnung | Online-Ressource |
| Datenträgertypcode | cr |
| Quelle | rdacarrier |
| 490 #0 - Gesamttitelangabe | |
| Gesamttitelangabe | Beiträge zum internationalen und europäischen Strafrecht |
| Bandnummer/Folgebezeichnung | Band 27 |
| 500 ## - Allgemeine Fußnote | |
| Allgemeine Fußnote | E-Book-ProQuest / Fernzugriff nach Registrierung möglich |
| 500 ## - Allgemeine Fußnote | |
| Allgemeine Fußnote | Includes bibliographical references |
| 650 #0 - Nebeneintragung unter einem Schlagwort - Sachschlagwort | |
| Sachschlagwort oder geografischer Name als Eintragungselement | Kriegsverbrecherprozess |
| 650 #0 - Nebeneintragung unter einem Schlagwort - Sachschlagwort | |
| Sachschlagwort oder geografischer Name als Eintragungselement | Nürnberger Prozesse |
| 650 #0 - Nebeneintragung unter einem Schlagwort - Sachschlagwort | |
| Sachschlagwort oder geografischer Name als Eintragungselement | Rechtswissenschaft |
| 650 #0 - Nebeneintragung unter einem Schlagwort - Sachschlagwort | |
| Sachschlagwort oder geografischer Name als Eintragungselement | Regierung |
| 651 #0 - Nebeneintragung unter einem Schlagwort - Geografischer Name | |
| Geografischer Name | Sowjetunion |
| 655 #0 - Indexierungsterm - Genre/Form | |
| Genre/Form oder fokussierter Term | Fernzugriff |
| 776 08 - Andere physische Form | |
| Verweisungsphrase | Erscheint auch als |
| Fußnote | Print-Ausgabe |
| Titel | Internationale Strafgerichtsbarkeit unter sowjetischem Einfluss |
| Datensatzkontrollnummer | 873135741 |
| 856 4# - Elektronische Adresse und Zugriff | |
| URL | <a href="https://ebookcentral.proquest.com/lib/maxweberstiftung-ebooks/detail.action?docID=4932876">https://ebookcentral.proquest.com/lib/maxweberstiftung-ebooks/detail.action?docID=4932876</a> |
| 942 ## - Zusätzliche Felder (Koha) | |
| Koha-Medientyp | E-Books |
| Klassifikation oder Aufstellungssystematik | Andere/Generische Klassifikation |
| Ausgeschieden | Verloren | Beschädigt | Nicht entleihbar | Heimatbibliothek | Aufenthaltsbibliothek | Aufstellungsort | Erwerbungsdatum | Inventarnummer | Signatur | Barcode | Letzte Aktivität | Preis gültig von | Koha-Medientyp |
|---|---|---|---|---|---|---|---|---|---|---|---|---|---|
| MWN Osteuropa | MWN Osteuropa | Online-Ressource | 08/11/2019 | 19-e00706 | E-19-e00706 | W 63 B g Schul (E-Book) | 29298 | 18/03/2021 | 22/03/2021 | E-Books |